[Event "SLO-chT 31st"]
[Site "Ljubljana"]
[Date "2021.09.12"]
[Round "3.3"]
[White "Gasparac, Gregor"]
[Black "Srebrnic, Marko"]
[Result "1/2-1/2"]
[WhiteElo "2100"]
[BlackElo "2379"]
[PlyCount "114"]
[EventDate "2021.09.10"]
[EventType "team-tourn"]
[EventRounds "9"]
[EventCountry "SLO"]
[SourceTitle "CBM 204 Extra"]
[Source "ChessBase"]
[SourceDate "2021.11.30"]
[SourceVersion "1"]
[SourceVersionDate "2021.11.30"]
[SourceQuality "1"]
[WhiteTeam "Kocevje Inotherm"]
[BlackTeam "Posocje"]
[WhiteTeamCountry "SLO"]
[BlackTeamCountry "SLO"]

1. Nf3 g6 2. g3 Bg7 3. Bg2 c5 4. 0-0 Nc6 5. e4 Nf6 6. d3 0-0 7. Nc3 Ne8 8. Be3 Nd4 9. Rb1 Nc7 10. Ne2 Nce6 11. c3 Nxe2+ 12. Qxe2 f5 13. Ng5 Nxg5 14. Bxg5 Bf6 15. Bxf6 Rxf6 16. e5 Rf8 17. d4 cxd4 18. Qc4+ Kg7 19. Qxd4 Qb6 20. Rfd1 Qxd4 21. Rxd4 Rb8 22. f4 Rd8 23. Rbd1 Kf8 24. Rc4 d6 25. Rc7 Rd7 26. exd6 exd6 27. Rxd7 Bxd7 28. Rxd6 Ke7 29. Rd4 b6 30. Kf2 h6 31. h4 g5 32. hxg5 hxg5 33. fxg5 Rg8 34. Rh4 Rxg5 35. Rh7+ Kd6 36. Bh3 Bc6 37. Rh6+ Kc7 38. Rh4 Kd6 39. Bg2 Bd7 40. Rh6+ Ke5 41. Rh1 Rg7 42. Re1+ Kf6 43. Bd5 Rh7 44. Kg2 Rg7 45. Kf2 Rh7 46. Rh1 Rg7 47. c4 Ke5 48. Rd1 f4 49. gxf4+ Kxf4 50. b4 Rh7 51. Bg2 Be6 52. c5 bxc5 53. bxc5 Bxa2 54. c6 Be6 55. Rb1 Ke5 56. Rb7 Rf7+ 57. Ke3 Kd6 1/2-1/2

[Event "SLO-chT 31st"]
[Site "Ljubljana"]
[Date "2021.09.11"]
[Round "2.3"]
[White "Janzelj, Lara"]
[Black "Gasparac, Gregor"]
[Result "1/2-1/2"]
[WhiteElo "2186"]
[BlackElo "2100"]
[PlyCount "60"]
[EventDate "2021.09.10"]
[EventType "team-tourn"]
[EventRounds "9"]
[EventCountry "SLO"]
[SourceTitle "CBM 204 Extra"]
[Source "ChessBase"]
[SourceDate "2021.11.30"]
[SourceVersion "1"]
[SourceVersionDate "2021.11.30"]
[SourceQuality "1"]
[WhiteTeam "Ig"]
[BlackTeam "Kocevje Inotherm"]
[WhiteTeamCountry "SLO"]
[BlackTeamCountry "SLO"]

1. d4 Nf6 2. Nf3 g6 3. Bf4 Bg7 4. e3 0-0 5. Be2 d6 6. 0-0 c5 7. dxc5 dxc5 8. Qxd8 Rxd8 9. c3 Nc6 10. Na3 Bf5 11. Rfd1 Nh5 12. Bc7 Rxd1+ 13. Rxd1 Rc8 14. Bg3 Nxg3 15. hxg3 Rd8 16. Rxd8+ Nxd8 17. Nd2 Bd7 18. Bb5 Bc6 19. f3 Kf8 20. Kf2 Bxb5 21. Nxb5 Nc6 22. Ne4 b6 23. g4 h6 24. f4 Ke8 25. Kf3 Kd7 26. g5 h5 27. Na3 Ke6 28. Nb5 Kd7 29. Na3 Ke6 30. Nb5 Kd7 1/2-1/2

[Event "SLO-chT1 West 29th"]
[Site "Slovenia"]
[Date "2019.10.18"]
[Round "7.4"]
[White "Gasparac, Gregor"]
[Black "Petek, Primoz"]
[Result "0-1"]
[WhiteElo "2113"]
[BlackElo "2063"]
[PlyCount "83"]
[EventDate "2019.09.20"]
[EventType "team-tourn"]
[EventRounds "9"]
[EventCountry "SLO"]
[SourceTitle "CBM 192 Extra"]
[Source "Chessbase"]
[SourceDate "2019.11.06"]
[SourceVersion "1"]
[SourceVersionDate "2019.11.06"]
[SourceQuality "1"]
[WhiteTeam "Kocevje"]
[BlackTeam "Gorenjka Lesce"]
[WhiteTeamCountry "SLO"]
[BlackTeamCountry "SLO"]

1. e4 Nc6 2. Nf3 Nf6 3. e5 Ng4 4. d4 d6 5. Bb5 a6 6. Bxc6+ bxc6 7. h3 Nh6 8. 0-0 e6 9. Bg5 Be7 10. Bxh6 gxh6 11. Nc3 Bb7 12. Qd2 Qd7 13. Rfd1 0-0-0 14. Qe2 Rhg8 15. Ne4 Rg6 16. c4 Rdg8 17. Ne1 d5 18. Nc5 Bxc5 19. dxc5 Qe7 20. Qe3 f6 21. Rac1 Qg7 22. exf6 Rxg2+ 23. Kf1 Rg1+ 24. Ke2 Qxf6 25. Nd3 R1g5 26. Rd2 Rf5 27. b4 e5 28. cxd5 Re8 29. d6 Rd8 30. dxc7 Kxc7 31. Rcd1 Rd4 32. a3 Bc8 33. Nb2 Rff4 34. Rxd4 exd4 35. Qg3 Kb7 36. Kf1 Rf3 37. Qh2 Bxh3+ 38. Ke2 Bg4 39. Kf1 Rh3 40. Qg2 Qh4 41. Ke1 Rh2 42. Qg1 0-1

[Event "SLO-chT U20"]
[Site "Dobrna"]
[Date "2019.08.30"]
[Round "5.9"]
[White "Gasparac, Gregor"]
[Black "Karlusic, Luka"]
[Result "1-0"]
[WhiteElo "2113"]
[BlackElo "1888"]
[PlyCount "59"]
[EventDate "2019.08.27"]
[EventType "team-tourn"]
[EventRounds "7"]
[EventCountry "SLO"]
[SourceTitle "EXT 2020"]
[Source "ChessBase"]
[SourceDate "2019.10.17"]
[SourceVersion "1"]
[SourceVersionDate "2019.10.17"]
[SourceQuality "1"]

1. e4 e6 2. d4 d5 3. Nd2 dxe4 4. Nxe4 Bd7 5. Nf3 Bc6 6. Bd3 Nd7 7. 0-0 Ngf6 8. Ng3 Be7 9. Re1 0-0 10. c3 b6 11. Qe2 Re8 12. Ne5 Bb7 13. Nxf7 Kxf7 14. Qxe6+ Kf8 15. Bc4 Bd5 16. Bxd5 Nxd5 17. Qxd5 Bd6 18. Bg5 Nf6 19. Rxe8+ Qxe8 20. Bxf6 gxf6 21. Qf3 Kf7 22. Ne4 Qd8 23. Nxd6+ cxd6 24. Qb7+ Kg6 25. Re1 Qf8 26. Re7 d5 27. Qd7 h5 28. g4 hxg4 29. Qxg4+ Kh6 30. Re3 1-0

[Event "SLO-chT U20"]
[Site "Dobrna"]
[Date "2019.08.30"]
[Round "6.3"]
[White "Hanc, Nejc"]
[Black "Gasparac, Gregor"]
[Result "1/2-1/2"]
[WhiteElo "1479"]
[BlackElo "2113"]
[PlyCount "60"]
[EventDate "2019.08.27"]
[EventType "team-tourn"]
[EventRounds "7"]
[EventCountry "SLO"]
[SourceTitle "EXT 2020"]
[Source "ChessBase"]
[SourceDate "2019.10.17"]
[SourceVersion "1"]
[SourceVersionDate "2019.10.17"]
[SourceQuality "1"]

1. c4 e5 2. Nc3 Nc6 3. g3 g6 4. Bg2 Bg7 5. d3 d6 6. e4 Nge7 7. Nge2 0-0 8. f4 f5 9. 0-0 a5 10. a3 Nd4 11. Nxd4 exd4 12. Ne2 c5 13. Bd2 Be6 14. Qc2 Qd7 15. Kh1 Ra7 16. b4 fxe4 17. Bxe4 axb4 18. axb4 Rfa8 19. Rxa7 Rxa7 20. Ng1 b6 21. Nf3 Qa4 22. Qxa4 Rxa4 23. bxc5 bxc5 24. Ng5 Bg4 25. h3 Bc8 26. g4 Ra2 27. Be1 h6 28. Nf3 h5 29. Bh4 Ra7 30. Rg1 hxg4 1/2-1/2

[Event "SLO-chT1 West"]
[Site "Slovenia"]
[Date "2018.09.30"]
[Round "3.4"]
[White "Gasparac, Gregor"]
[Black "Bulatovic, Milorad"]
[Result "1/2-1/2"]
[WhiteElo "2114"]
[BlackElo "1933"]
[PlyCount "105"]
[EventDate "2018.09.28"]
[EventType "team-tourn"]
[EventRounds "9"]
[EventCountry "SLO"]
[SourceTitle "CBM 187 Extra"]
[Source "ChessBase"]
[SourceDate "2018.11.04"]
[SourceVersion "1"]
[SourceVersionDate "2018.11.04"]
[SourceQuality "1"]
[WhiteTeam "Kocevje"]
[BlackTeam "Kranj Stari Mayr"]
[WhiteTeamCountry "SLO"]
[BlackTeamCountry "SLO"]

1. e4 d5 2. exd5 Qxd5 3. Nc3 Qa5 4. d4 c6 5. Bd3 Nf6 6. Nge2 Bg4 7. f3 Bh5 8. Bd2 Nbd7 9. a3 Qd8 10. 0-0 Bg6 11. Bf4 e6 12. Re1 Be7 13. Kh1 Bxd3 14. Qxd3 0-0 15. Ne4 Nd5 16. Bd2 N7f6 17. N2g3 b5 18. c4 bxc4 19. Qxc4 Nb6 20. Qxc6 Qxd4 21. Bc3 Qd7 22. Qxd7 Nfxd7 23. Rad1 Nd5 24. Nf5 Bc5 25. Nxc5 Nxc5 26. Bxg7 Rfd8 27. Bd4 Nb3 28. Ng3 Nxd4 29. Rxd4 Rdb8 30. Rd2 Rb3 31. Kg1 Rab8 32. Ree2 Nf4 33. Re4 Nd3 34. Ra4 R8b7 35. Nh5 Kf8 36. Nf6 Nxb2 37. Rf4 Nd3 38. h3 Ke7 39. Ng8+ Kf8 40. Nf6 Rxa3 41. h4 h6 42. Rc2 Rb1+ 43. Kh2 Rc1 44. Rxc1 Nxc1 45. Rc4 Ne2 46. Rc7 Nf4 47. Ng4 Ra2 48. Nxh6 f5 49. Nf7 Rxg2+ 50. Kh1 Ra2 51. Ng5 a5 52. Rd7 Ra4 53. Nh7+ 1/2-1/2

[Event "Portoroz op 12th"]
[Site "Portoroz"]
[Date "2018.07.18"]
[Round "6"]
[White "Kolesar, Milan"]
[Black "Gasparac, Gregor"]
[Result "1/2-1/2"]
[WhiteElo "2125"]
[BlackElo "2094"]
[PlyCount "69"]
[EventDate "2018.07.14"]
[EventType "swiss"]
[EventRounds "9"]
[EventCountry "SVK"]
[SourceTitle "EXT 2019"]
[Source "ChessBase"]
[SourceDate "2018.10.10"]
[SourceVersion "1"]
[SourceVersionDate "2018.10.10"]
[SourceQuality "1"]

1. Nf3 Nf6 2. c4 g6 3. g3 Bg7 4. Bg2 0-0 5. d4 d6 6. 0-0 Nc6 7. Nc3 e5 8. d5 Nb8 9. c5 Na6 10. cxd6 cxd6 11. h3 h6 12. Be3 Nc7 13. a4 Nfe8 14. Qb3 f5 15. Nb5 Nxb5 16. axb5 b6 17. Ra2 g5 18. Rfa1 Rf7 19. Ne1 f4 20. Bd2 h5 21. Nc2 Qf6 22. Nb4 g4 23. h4 Bh6 24. Qc3 Nc7 25. Rxa7 Nxb5 26. Rxa8 Nxc3 27. Rxc8+ Kg7 28. bxc3 fxg3 29. Bxh6+ Qxh6 30. fxg3 Qe3+ 31. Kh2 Rf2 32. Ra7+ Kg6 33. Rg8+ Kh6 34. Rh8+ Kg6 35. Rg8+ 1/2-1/2

[Event "Portoroz op 12th"]
[Site "Portoroz"]
[Date "2018.07.16"]
[Round "4"]
[White "Corvi, Marco"]
[Black "Gasparac, Gregor"]
[Result "1/2-1/2"]
[WhiteElo "2296"]
[BlackElo "2094"]
[PlyCount "107"]
[EventDate "2018.07.14"]
[EventType "swiss"]
[EventRounds "9"]
[EventCountry "SVK"]
[SourceTitle "EXT 2019"]
[Source "ChessBase"]
[SourceDate "2018.10.10"]
[SourceVersion "1"]
[SourceVersionDate "2018.10.10"]
[SourceQuality "1"]

1. e4 e6 2. d4 d5 3. Nd2 c5 4. exd5 Qxd5 5. Ngf3 cxd4 6. Bc4 Qd8 7. 0-0 Nc6 8. Nb3 a6 9. Nbxd4 Nxd4 10. Nxd4 Qc7 11. Bd3 Bd6 12. h3 Ne7 13. Re1 0-0 14. Qh5 g6 15. Qh4 Nd5 16. Bg5 Bf4 17. Nf3 f6 18. Bxf4 Nxf4 19. Bf1 e5 20. g3 Ne6 21. Qc4 Qe7 22. Rad1 b5 23. Qb3 Kg7 24. Bg2 Ra7 25. Qe3 Rc7 26. c3 Qc5 27. h4 Qxe3 28. Rxe3 Nc5 29. b3 Rd7 30. Rxd7+ Bxd7 31. Ne1 Bf5 32. b4 Na4 33. Bb7 Bc8 34. Bc6 Be6 35. Bb7 Bxa2 36. Bxa6 Bc4 37. Nc2 Ra8 38. Bb7 Ra7 39. Bg2 Nb2 40. f4 exf4 41. gxf4 Nd1 42. Rg3 Ra2 43. Nd4 Ra3 44. h5 Rxc3 45. Nf5+ Kg8 46. hxg6 Rxg3 47. gxh7+ Kxh7 48. Nxg3 Nc3 49. Kf2 Na2 50. Ke3 Nxb4 51. Kd4 Nc2+ 52. Kc5 Bd3 53. Be4+ Bxe4 54. Nxe4 1/2-1/2

[Event "Maribor Pirc Memorial op 20th"]
[Site "Maribor"]
[Date "2017.06.29"]
[Round "6"]
[White "Gasparac, Gregor"]
[Black "Bratovic, Blaz"]
[Result "1-0"]
[WhiteElo "2042"]
[BlackElo "2327"]
[PlyCount "89"]
[EventDate "2017.06.24"]
[EventType "swiss"]
[EventRounds "9"]
[EventCountry "SLO"]
[SourceTitle "CBM 179 Extra"]
[Source "ChessBase"]
[SourceDate "2017.08.23"]
[SourceVersion "1"]
[SourceVersionDate "2017.08.23"]
[SourceQuality "1"]

1. e4 e5 2. Nf3 Nc6 3. Bb5 a6 4. Ba4 Nf6 5. 0-0 Be7 6. Re1 b5 7. Bb3 d6 8. c3 0-0 9. h3 Na5 10. Bc2 c5 11. d4 Qc7 12. Nbd2 Bd7 13. Nf1 Nc4 14. b3 Nb6 15. Ne3 c4 16. bxc4 Nxc4 17. Nxc4 bxc4 18. a4 a5 19. Ba3 Rfe8 20. Rb1 Rab8 21. Rxb8 Qxb8 22. Qe2 Qc7 23. Nd2 exd4 24. cxd4 c3 25. Nf3 g6 26. d5 Bf8 27. Qa6 Bc8 28. Qb5 Bd7 29. Qa6 Nh5 30. Rb1 Nf4 31. Bc1 Bh6 32. Bxf4 Bxf4 33. Rb7 Qc8 34. Qa7 Qc5 35. Rxd7 Qa3 36. g3 Rf8 37. gxf4 Qc1+ 38. Kg2 Qxc2 39. Rc7 Qxe4 40. Rxc3 Qxa4 41. Qd4 Qa2 42. Ng5 a4 43. Ne4 Rb8 44. Nf6+ Kg7 45. Nd7+ 1-0

[Event "Ljubljana-chT 70th"]
[Site "Ljubljana"]
[Date "2017.03.23"]
[Round "9.2"]
[White "Brcar, Ales"]
[Black "Gasparac, Gregor"]
[Result "0-1"]
[WhiteElo "2127"]
[BlackElo "1921"]
[PlyCount "68"]
[EventDate "2017.01.12"]
[EventType "team-tourn"]
[EventRounds "9"]
[EventCountry "SLO"]
[SourceTitle "EXT 2019"]
[Source "ChessBase"]
[SourceDate "2018.10.10"]
[SourceVersion "1"]
[SourceVersionDate "2018.10.10"]
[SourceQuality "1"]
[WhiteTeam "Mentor"]
[BlackTeam "Kocevje"]
[WhiteTeamCountry "SLO"]
[BlackTeamCountry "SLO"]

1. d4 Nf6 2. c4 g6 3. Nc3 Bg7 4. e4 d6 5. f3 0-0 6. Bg5 c5 7. d5 e6 8. Qd2 exd5 9. cxd5 Re8 10. Nge2 a6 11. a4 Qa5 12. Ra3 h5 13. Nc1 Nbd7 14. Be2 Ne5 15. h3 Nh7 16. Be3 f5 17. 0-0 Nf6 18. f4 Nf7 19. e5 dxe5 20. Nb3 Qd8 21. Nxc5 exf4 22. Bxf4 Nd6 23. a5 Nfe4 24. N3xe4 Nxe4 25. Nxe4 Rxe4 26. Rd3 Bd7 27. Bg5 Rxe2 28. Bxd8 Rxd2 29. Rxd2 Rxd8 30. d6 Bh6 31. Rc2 Bc6 32. g4 hxg4 33. hxg4 Be3+ 34. Kh2 f4 0-1

[Event "Ljubljana-chT 70th"]
[Site "Ljubljana"]
[Date "2017.03.09"]
[Round "7.2"]
[White "Gasparac, Gregor"]
[Black "Janzelj, Lara"]
[Result "1/2-1/2"]
[WhiteElo "1921"]
[BlackElo "2106"]
[PlyCount "76"]
[EventDate "2017.01.12"]
[EventType "team-tourn"]
[EventRounds "9"]
[EventCountry "SLO"]
[SourceTitle "EXT 2019"]
[Source "ChessBase"]
[SourceDate "2018.10.10"]
[SourceVersion "1"]
[SourceVersionDate "2018.10.10"]
[SourceQuality "1"]
[WhiteTeam "Kocevje"]
[BlackTeam "Ig"]
[WhiteTeamCountry "SLO"]
[BlackTeamCountry "SLO"]

1. e4 e5 2. Nf3 Nc6 3. Bb5 a6 4. Ba4 Nf6 5. 0-0 Be7 6. Re1 b5 7. Bb3 d6 8. c3 0-0 9. h3 Nb8 10. d4 Nbd7 11. Nbd2 Bb7 12. Bc2 Re8 13. Nf1 Bf8 14. Ng3 h6 15. b3 c5 16. d5 a5 17. c4 b4 18. Nf5 Kh7 19. g4 g6 20. Ng3 Be7 21. Kg2 Ng8 22. Be3 Bc8 23. Nh2 Bg5 24. Qf3 Kg7 25. Nhf1 Qf6 26. Qd1 Nb6 27. Qd2 a4 28. Nh2 Re7 29. Nf3 Bxe3 30. Qxe3 Rea7 31. Rab1 axb3 32. axb3 Ra2 33. Bd3 Ne7 34. Re2 R2a3 35. Ne1 Qf4 36. Nc2 Ra2 37. Ree1 Qxe3 38. Nxe3 f6 1/2-1/2

[Event "SLO-ch U18"]
[Site "Ptuj"]
[Date "2017.03.02"]
[Round "6"]
[White "Gasparac, Gregor"]
[Black "Suta, Tomaz"]
[Result "1/2-1/2"]
[WhiteElo "1921"]
[BlackElo "1751"]
[PlyCount "86"]
[EventDate "2017.02.25"]
[EventType "swiss"]
[EventRounds "7"]
[EventCountry "SLO"]
[SourceTitle "CBM 177 Extra"]
[Source "ChessBase"]
[SourceDate "2017.04.27"]
[SourceVersion "1"]
[SourceVersionDate "2017.04.27"]
[SourceQuality "1"]

1. e4 e5 2. Nf3 Nf6 3. Nxe5 d6 4. Nf3 Nxe4 5. Nc3 Nxc3 6. dxc3 Nc6 7. Bc4 Be7 8. Be3 Bg4 9. h3 Bh5 10. g4 Bg6 11. Bd5 h5 12. Nd4 Nxd4 13. cxd4 c6 14. Bg2 Qa5+ 15. Qd2 Qxd2+ 16. Kxd2 d5 17. Bf4 Kd7 18. Rae1 Rae8 19. c3 Bd6 20. Bxd6 Kxd6 21. f4 Be4 22. Bxe4 Rxe4 23. Rxe4 dxe4 24. g5 Ke6 25. Ke3 Kf5 26. Rd1 Rd8 27. c4 f6 28. Rg1 c5 29. d5 b5 30. gxf6 gxf6 31. b3 a5 32. Rg7 a4 33. Rc7 axb3 34. axb3 bxc4 35. bxc4 Ra8 36. Rxc5 Ra3+ 37. Ke2 Kxf4 38. d6 Ra2+ 39. Ke1 e3 40. d7 Ra1+ 41. Ke2 Ra2+ 42. Ke1 Ra1+ 43. Ke2 Ra2+ 1/2-1/2

[Event "SLO-chT1 West"]
[Site "Slovenia"]
[Date "2016.11.12"]
[Round "2"]
[White "Gasparac, Gregor"]
[Black "Skoberne, Renato"]
[Result "1-0"]
[WhiteElo "1881"]
[BlackElo "2125"]
[PlyCount "105"]
[EventDate "2016.11.11"]
[EventType "team-tourn"]
[EventRounds "9"]
[EventCountry "SLO"]
[SourceTitle "EXT 2018"]
[Source "ChessBase"]
[SourceDate "2017.10.13"]
[SourceVersion "1"]
[SourceVersionDate "2017.10.13"]
[SourceQuality "1"]
[WhiteTeam "Kocevje Inotherm"]
[BlackTeam "Posocje"]
[WhiteTeamCountry "SLO"]
[BlackTeamCountry "SLO"]

1. e4 d6 2. d4 Nf6 3. Nc3 g6 4. f4 Bg7 5. Bd3 0-0 6. Nf3 Nc6 7. 0-0 Bg4 8. e5 dxe5 9. dxe5 Nd5 10. h3 Nxc3 11. bxc3 Bf5 12. Qe2 Bxd3 13. cxd3 Qd5 14. Be3 f6 15. d4 Na5 16. Rac1 Nc4 17. Rfd1 c6 18. Rc2 Rfd8 19. Nd2 Nxe3 20. Qxe3 c5 21. Nf3 b5 22. Rb1 cxd4 23. cxd4 Rac8 24. Rbc1 Rc4 25. Qa3 Rd7 26. Rxc4 bxc4 27. Qa4 g5 28. exf6 Bxf6 29. fxg5 Bxg5 30. Nxg5 Qxg5 31. Qxc4+ Qd5 32. Kf2 Qxc4 33. Rxc4 Kf7 34. Ke3 Rd5 35. Ke4 Ra5 36. a4 Kf6 37. g4 h6 38. h4 e6 39. Rb4 Rd5 40. Rb5 Rd7 41. g5+ hxg5 42. hxg5+ Kf7 43. Ke5 Kg6 44. Kxe6 Rxd4 45. Ra5 Rg4 46. Kd6 Rc4 47. Rxa7 Kxg5 48. a5 Kf6 49. a6 Rc1 50. Rb7 Rd1+ 51. Kc7 Ke6 52. a7 Rd7+ 53. Kc8 1-0

[Event "Ljubljana-chT 69th 1st League"]
[Site "Ljubljana"]
[Date "2016.03.17"]
[Round "7.1"]
[White "Jese, Janez"]
[Black "Gasparac, Gregor"]
[Result "1/2-1/2"]
[WhiteElo "1795"]
[BlackElo "1837"]
[PlyCount "30"]
[EventDate "2016.01.14"]
[EventType "team-tourn"]
[EventRounds "9"]
[EventCountry "SLO"]
[SourceTitle "EXT 2022"]
[Source "ChessBase"]
[SourceDate "2021.10.06"]
[SourceVersion "1"]
[SourceVersionDate "2021.10.06"]
[SourceQuality "1"]
[WhiteTeam "Medvode"]
[BlackTeam "Kocevje"]
[WhiteTeamCountry "SLO"]
[BlackTeamCountry "SLO"]

1. e4 e6 2. d4 d5 3. e5 c5 4. c3 Nc6 5. Nf3 Qb6 6. Bd3 cxd4 7. cxd4 Bd7 8. 0-0 Nxd4 9. Nbd2 Nxf3+ 10. Nxf3 Ne7 11. Be3 Qd8 12. Ng5 h6 13. Qh5 g6 14. Qh3 Bg7 15. Nf3 Nc6 1/2-1/2

[Event "SLO-chT1 West"]
[Site "Ljubljana"]
[Date "2015.10.18"]
[Round "3"]
[White "Kralj, Samo"]
[Black "Gasparac, Gregor"]
[Result "1-0"]
[WhiteElo "2021"]
[BlackElo "1766"]
[PlyCount "75"]
[EventDate "2015.10.16"]
[EventType "team-tourn"]
[EventRounds "9"]
[EventCountry "SLO"]
[SourceTitle "EXT 2019"]
[Source "ChessBase"]
[SourceDate "2018.10.10"]
[SourceVersion "1"]
[SourceVersionDate "2018.10.10"]
[SourceQuality "1"]
[WhiteTeam "Komenda"]
[BlackTeam "Kocevje"]
[WhiteTeamCountry "SLO"]
[BlackTeamCountry "SLO"]

1. e4 e6 2. d4 d5 3. e5 c5 4. c3 Nc6 5. Nf3 Bd7 6. a3 Nge7 7. Bd3 cxd4 8. cxd4 Qb6 9. Bc2 Nf5 10. Bxf5 exf5 11. Nc3 Be6 12. 0-0 Be7 13. b4 Rc8 14. Qd3 0-0 15. Be3 f6 16. Bf4 fxe5 17. Bxe5 Qd8 18. Rfe1 Qd7 19. Re2 f4 20. Rae1 Bf5 21. Qb5 Rcd8 22. Bxf4 Bg4 23. Ne5 Nxe5 24. Rxe5 Bd6 25. Qxd5+ Kh8 26. Qe4 Bxe5 27. Bxe5 Bf5 28. Qh4 Rfe8 29. h3 Rc8 30. Re3 Re6 31. Ne4 Bxe4 32. Qxe4 Rg6 33. f4 Rc1+ 34. Kh2 Rf1 35. Rc3 Rf2 36. Rc7 Qe6 37. Rxg7 Rfxg2+ 38. Qxg2 1-0

[Event "SLO-chT U16"]
[Site "Debeli Rtic"]
[Date "2015.05.15"]
[Round "1"]
[White "Acimovic, Sergej"]
[Black "Gasparac, Gregor"]
[Result "0-1"]
[WhiteElo "1487"]
[BlackElo "1777"]
[PlyCount "124"]
[EventDate "2015.05.15"]
[EventType "swiss"]
[EventRounds "6"]
[EventCountry "SLO"]
[SourceTitle "EXT 2023"]
[Source "ChessBase"]
[SourceDate "2022.10.05"]
[SourceVersion "1"]
[SourceVersionDate "2022.10.05"]
[SourceQuality "1"]

1. d4 Nf6 2. c4 g6 3. Nc3 Bg7 4. e4 d6 5. Nge2 e5 6. d5 c5 7. Ng3 h5 8. h4 a6 9. a4 Nbd7 10. Be2 Nf8 11. f3 N8h7 12. Nf1 Bd7 13. Ne3 Ng8 14. g3 Ne7 15. Ng2 f5 16. f4 fxe4 17. Nxe4 Nf5 18. Qc2 Qe7 19. 0-0 Nd4 20. Qd3 Bf5 21. Re1 exf4 22. Bxh5 0-0-0 23. Bf3 Rhe8 24. Kf2 fxg3+ 25. Kxg3 Rf8 26. Bg4 Bxg4 27. Kxg4 Nf3 28. Qxf3 Rxf3 29. Kxf3 Bd4 30. Bf4 Rf8 31. Kg3 Be5 32. Nxd6+ Qxd6 33. Bxe5 Qd8 34. Rad1 g5 35. d6 gxh4+ 36. Kh2 Qd7 37. Nxh4 Ng5 38. Re3 Kb8 39. Rg1 Ne6 40. Bg3 Ng5 41. Be5 Qh7 42. Rg4 Ka7 43. Kg3 Qc2 44. Nf3 Nxf3 45. Rxf3 Rxf3+ 46. Kxf3 Qxa4 47. Ke3 Qb3+ 48. Bc3 Qd1 49. Rg6 Qh5 50. d7 Qh3+ 51. Kf4 Qxd7 52. Ba5 Qf7+ 53. Kg5 Qe7+ 54. Kh6 Qh4+ 55. Kg7 Qxc4 56. Bb6+ Kb8 57. Kh7 Kc8 58. Rg7 Qf4 59. Rg6 Qe5 60. Rg7 Qf5+ 61. Kg8 Qe6+ 62. Kh8 Qxb6 0-1

[Event "SLO-ch U16"]
[Site "Bled"]
[Date "2015.02.25"]
[Round "8"]
[White "Gasparac, Gregor"]
[Black "Dobrovoljc, Vid"]
[Result "1/2-1/2"]
[WhiteElo "1729"]
[BlackElo "1807"]
[PlyCount "37"]
[EventDate "2015.02.21"]
[EventType "swiss"]
[EventRounds "9"]
[EventCountry "SLO"]
[SourceTitle "EXT 2023"]
[Source "ChessBase"]
[SourceDate "2022.10.05"]
[SourceVersion "1"]
[SourceVersionDate "2022.10.05"]
[SourceQuality "1"]

1. Nf3 Nf6 2. g3 g6 3. Bg2 Bg7 4. 0-0 0-0 5. d3 Re8 6. e4 e5 7. Nbd2 d5 8. c3 c6 9. Re1 Nbd7 10. Qc2 b6 11. h3 Ba6 12. Bf1 Qc7 13. b3 Bf8 14. Bb2 Rad8 15. Rad1 Qc8 16. Kg2 Qc7 17. Kg1 Qc8 18. Kg2 Qc7 19. Kg1 1/2-1/2

[Event "SLO-ch U16"]
[Site "Bled"]
[Date "2015.02.24"]
[Round "7"]
[White "Opalic, David"]
[Black "Gasparac, Gregor"]
[Result "1/2-1/2"]
[WhiteElo "1745"]
[BlackElo "1729"]
[PlyCount "111"]
[EventDate "2015.02.21"]
[EventType "swiss"]
[EventRounds "9"]
[EventCountry "SLO"]
[SourceTitle "EXT 2023"]
[Source "ChessBase"]
[SourceDate "2022.10.05"]
[SourceVersion "1"]
[SourceVersionDate "2022.10.05"]
[SourceQuality "1"]

1. e4 e6 2. d4 d5 3. exd5 exd5 4. Nc3 Nf6 5. Bd3 Bb4 6. Nge2 c6 7. 0-0 0-0 8. Ng3 Re8 9. Nce2 Nbd7 10. c3 Bd6 11. Nf5 Bc7 12. Neg3 Nf8 13. Bg5 Bxg3 14. fxg3 N8d7 15. Nd6 Rf8 16. Bf5 Qc7 17. Nxc8 Raxc8 18. Bxf6 Nxf6 19. Bxc8 Qxc8 20. Qf3 Ne4 21. Qf5 Qc7 22. Qf4 Qb6 23. Rab1 Qa6 24. a3 f6 25. Rfd1 Re8 26. Qf1 b5 27. Qf5 Re7 28. Re1 g6 29. Qf4 Qa4 30. Re2 Qc4 31. Rbe1 Kg7 32. g4 h6 33. h4 Qa4 34. h5 Qa6 35. hxg6 Qc8 36. Qf5 Qe8 37. Kh2 Qb8+ 38. Kg1 Qe8 39. g3 Qb8 40. Re3 Qe8 41. Kg2 a6 42. Rf1 Re6 43. Rh1 Re7 44. Rxh6 Ng5 45. Rxe7+ Qxe7 46. Rh7+ Nxh7 47. gxh7 Qe2+ 48. Kh3 Qe7 49. Qh5 Kh8 50. Qg6 Qxh7+ 51. Qxh7+ Kxh7 52. Kh4 Kh6 53. g5+ fxg5+ 54. Kg4 Kg6 55. b3 a5 56. b4 1/2-1/2

[Event "Ljubljana-chT 68th 1st League"]
[Site "Ljubljana"]
[Date "2015.01.08"]
[Round "1.2"]
[White "Konvalinka, Kostja"]
[Black "Gasparac, Gregor"]
[Result "0-1"]
[WhiteElo "1647"]
[BlackElo "1729"]
[PlyCount "140"]
[EventDate "2015.01.08"]
[EventType "team-tourn"]
[EventRounds "9"]
[EventCountry "SLO"]
[SourceTitle "EXT 2022"]
[Source "ChessBase"]
[SourceDate "2021.10.06"]
[SourceVersion "1"]
[SourceVersionDate "2021.10.06"]
[SourceQuality "1"]
[WhiteTeam "Dom In Agencija Neprem"]
[BlackTeam "Kocevje"]
[WhiteTeamCountry "SLO"]
[BlackTeamCountry "SLO"]

1. e4 e6 2. e5 d5 3. exd6 Bxd6 4. d4 Nf6 5. Nf3 0-0 6. Bd3 b6 7. 0-0 Nbd7 8. Re1 Bb7 9. Nbd2 c5 10. c3 Rc8 11. Qe2 Bb8 12. Ne4 Qc7 13. h3 Nd5 14. Bg5 Nf4 15. Bxf4 Qxf4 16. Qe3 Qxe3 17. Rxe3 cxd4 18. Nxd4 Ne5 19. Rae1 Rfd8 20. Bf1 Ng6 21. g3 Ne7 22. Bg2 Nd5 23. R3e2 h6 24. f4 Ba6 25. Rd2 Ne7 26. Bf1 Bb7 27. Bg2 Ba6 28. Red1 Nd5 29. Bf1 Bxf1 30. Rxf1 Ne3 31. Re1 Nc4 32. Rde2 e5 33. Nf5 Kf8 34. b3 Na5 35. fxe5 Bxe5 36. c4 Nc6 37. Kg2 Bc7 38. Nc3 h5 39. Nd5 g6 40. Nfe7 Nxe7 41. Rxe7 Bb8 42. Rb7 Re8 43. Rxe8+ Rxe8 44. Nf6 Re2+ 45. Kf3 Rxa2 46. Rxb8+ Kg7 47. Ne4 Rb2 48. Rb7 Rxb3+ 49. Kf4 a5 50. Nd6 a4 51. Rxf7+ Kh6 52. Ra7 g5+ 53. Kf5 Rf3+ 54. Ke5 Kg6 55. Ne4 a3 56. Ra6 Rb3 57. Ra8 Re3 58. Kd4 Rb3 59. Ra6 Kf5 60. Ra8 Kg6 61. Rg8+ Kf7 62. Ra8 Kg6 63. Ra6 Kf5 64. Nd6+ Ke6 65. Ne4 Kf5 66. Ra8 Kg6 67. Nc3 Kf5 68. Ra6 h4 69. gxh4 gxh4 70. Ra8 Kf4 0-1